000 00824nam a2200217 i 4500
001 140070
003 ES-MaACL
005 20230906200010.0
007 t|
008 070214s1945 sp af |||| | spa d
100 1 _aSchriel, Walter.
_9104708
245 1 3 _aLa Sierra de la Demanda y los Montes Obarenes /
_cWalter Schriel ; traducción de L. García Sainz, J.G. de Llarena.
260 _aMadrid :
_b[s.n.],
_c1945.
300 _a132 p., 9 lám. :
_bil. ;
_c26 cm.
500 _aPrecede al tít.: Consejo Superior de Investigaciones Científicas. Instituto Juan Sebastián Elcano de Geografía.
651 4 _aBurgos (Provincia)-
_xGeografía.
_97906
700 1 _aGarcía Sainz, L.
_955247
700 1 _aLlarena, J. G. de.
_972724
710 2 _aInstituto "Juan Sebastián Elcano"
_95113
852 _aES-MaACL
_j1900-F-2
999 _c140070
_d140070